Statistics for Amino acids

Click here to take the quiz!

General Stats

  • This quiz has been taken 4 times
  • The average score is 15 of 20

Answer Stats

HintName% Correct
AlaAlanine
100%
ArgArginine
100%
CysCysteine
100%
GlnGlutamine
100%
GlyGlycine
100%
LysLysine
100%
PhePhenylalanine
100%
ThrThreonine
100%
AsnAsparagine
75%
HisHistidine
75%
LeuLeucine
75%
MetMethionine
75%
serSerine
75%
TyrTyrosine
75%
ValValine
75%
IleIsoleucine
50%
ProProline
50%
AspAspartic acid
25%
GluGlutamic acid
25%
TrpTrytophan
0%

Score Distribution

Percentile by Number Answered

Percent of People with Each Score

Your Score History

You have not taken this quiz